<?xml version="1.0" encoding="UTF-8"?><?xml-stylesheet type="text/xsl" href="static/style.xsl"?><OAI-PMH xmlns="http://www.openarchives.org/OAI/2.0/" xmlns:xsi="http://www.w3.org/2001/XMLSchema-instance" xsi:schemaLocation="http://www.openarchives.org/OAI/2.0/ http://www.openarchives.org/OAI/2.0/OAI-PMH.xsd"><responseDate>2026-04-19T09:27:27Z</responseDate><request verb="GetRecord" identifier="oai:www.recercat.cat:2072/487334" metadataPrefix="marc">https://recercat.cat/oai/request</request><GetRecord><record><header><identifier>oai:recercat.cat:2072/487334</identifier><datestamp>2025-10-30T14:33:06Z</datestamp><setSpec>com_2072_98</setSpec><setSpec>col_2072_378192</setSpec></header><metadata><record xmlns="http://www.loc.gov/MARC21/slim" xmlns:dcterms="http://purl.org/dc/terms/" xmlns:xsi="http://www.w3.org/2001/XMLSchema-instance" xmlns:doc="http://www.lyncode.com/xoai" xsi:schemaLocation="http://www.loc.gov/MARC21/slim http://www.loc.gov/standards/marcxml/schema/MARC21slim.xsd">
   <leader>00925njm 22002777a 4500</leader>
   <datafield ind2=" " ind1=" " tag="042">
      <subfield code="a">dc</subfield>
   </datafield>
   <datafield ind2=" " ind1=" " tag="720">
      <subfield code="a">Mallorquí-Bagué, Núria</subfield>
      <subfield code="e">author</subfield>
   </datafield>
   <datafield ind2=" " ind1=" " tag="720">
      <subfield code="a">Mestre-Bach, Gemma</subfield>
      <subfield code="e">author</subfield>
   </datafield>
   <datafield ind2=" " ind1=" " tag="720">
      <subfield code="a">Lozano Madrid, María</subfield>
      <subfield code="e">author</subfield>
   </datafield>
   <datafield ind2=" " ind1=" " tag="720">
      <subfield code="a">Fernández Aranda, Fernando</subfield>
      <subfield code="e">author</subfield>
   </datafield>
   <datafield ind2=" " ind1=" " tag="720">
      <subfield code="a">Granero, Roser</subfield>
      <subfield code="e">author</subfield>
   </datafield>
   <datafield ind2=" " ind1=" " tag="720">
      <subfield code="a">Vintró Alcaraz, Cristina</subfield>
      <subfield code="e">author</subfield>
   </datafield>
   <datafield ind2=" " ind1=" " tag="720">
      <subfield code="a">Del Pino Gutiérrez, Amparo</subfield>
      <subfield code="e">author</subfield>
   </datafield>
   <datafield ind2=" " ind1=" " tag="720">
      <subfield code="a">Steward, Trevor</subfield>
      <subfield code="e">author</subfield>
   </datafield>
   <datafield ind2=" " ind1=" " tag="720">
      <subfield code="a">Gomez-Peña, Monica</subfield>
      <subfield code="e">author</subfield>
   </datafield>
   <datafield ind2=" " ind1=" " tag="720">
      <subfield code="a">Aymamí, Neus</subfield>
      <subfield code="e">author</subfield>
   </datafield>
   <datafield ind2=" " ind1=" " tag="720">
      <subfield code="a">Mena Moreno, Teresa</subfield>
      <subfield code="e">author</subfield>
   </datafield>
   <datafield ind2=" " ind1=" " tag="720">
      <subfield code="a">Menchón Magriñá, José Manuel</subfield>
      <subfield code="e">author</subfield>
   </datafield>
   <datafield ind2=" " ind1=" " tag="720">
      <subfield code="a">Jiménez-Murcia, Susana</subfield>
      <subfield code="e">author</subfield>
   </datafield>
   <datafield ind2=" " ind1=" " tag="720">
      <subfield code="a">Universitat Autònoma de Barcelona. Departament de Psicobiologia i de Metodologia de les Ciències de la Salut</subfield>
      <subfield code="e">author</subfield>
   </datafield>
   <datafield ind2=" " ind1=" " tag="260">
      <subfield code="c">2018</subfield>
   </datafield>
   <datafield ind2=" " ind1=" " tag="520">
      <subfield code="a">Gambling disorder (GD) is a highly heterogeneous condition with high rates of chronicity, relapses and treatment dropout. The aim of this study was to longitudinally explore the associations between trait impulsivity, impulsivity-compulsivity related cognitive domains, and treatment outcome in an outpatient sample of adult patients with GD. Methods: 144 adult male participants diagnosed with GD undergoing cognitive-behavioural treatment (CBT) at a specialized outpatient service completed a series of neuropsychological tests to assess executive functioning (including cognitive flexibility, inhibition control and decision making) and psychometric questionnaires. Results: Trait impulsivity predicted low compliance [UPPS-P negative urgency (B = 0.113; p = 0.019)] and relapse [UPPS-P negative urgency (B = 0.140; p = 0.015)] at 5 weeks of treatment and dropout at the end of treatment [(UPPS-P sensation seeking B = 0.056; p = 0.045)]. Cognitive flexibility performance predicted: dropout rates at the end of treatment [WCST perseverative errors (B = 0.043; p = 0.042)]; dropout [WCST categories completed (B = -1.827; p = 0.020)] and low compliance or relapses at follow-up [WCST perseverative errors (B = 0.128; p = 0.020)]; and time to first relapse [WCST failure to maintain set (B = -0.374; p = 0.048)] and time to dropout [WCST perseverative errors (B = 0.0198; p = 0.019)]. Conclusions: Our findings indicate impulsivity-compulsivity levels may influence response to GD treatment (i.e.: low compliance and dropout or relapse rates) thus representing a potential target for improving treatment outcomes.</subfield>
   </datafield>
   <datafield tag="653" ind2=" " ind1=" ">
      <subfield code="a">Cognitive flexibility</subfield>
   </datafield>
   <datafield tag="653" ind2=" " ind1=" ">
      <subfield code="a">Compulsivity</subfield>
   </datafield>
   <datafield tag="653" ind2=" " ind1=" ">
      <subfield code="a">Gambling disorder</subfield>
   </datafield>
   <datafield tag="653" ind2=" " ind1=" ">
      <subfield code="a">Impulsivity</subfield>
   </datafield>
   <datafield tag="653" ind2=" " ind1=" ">
      <subfield code="a">Inhibitory control</subfield>
   </datafield>
   <datafield tag="653" ind2=" " ind1=" ">
      <subfield code="a">Treatment</subfield>
   </datafield>
   <datafield ind2="0" ind1="0" tag="245">
      <subfield code="a">Trait impulsivity and cognitive domains involving impulsivity and compulsivity as predictors of gambling disorder treatment response</subfield>
   </datafield>
</record></metadata></record></GetRecord></OAI-PMH>